000 00310cam a22001217a 4500
008 180718b1959 xxu||||| |||| 00| 0 eng d
082 _aRx73 V544
100 _aVelie, Lester
245 _aLabour U.S.A.
_cby Lester Velie
260 _aNew York
_bHarper
_c1959
300 _a318p.
650 _aLabour-United States
999 _c434031
_d434031